Contract planning case studies. (Record no. 549007)
[ view plain ]
| 000 -LEADER | |
|---|---|
| fixed length control field | 00369nam a22001337a 4500 |
| 082 ## - DEWEY DECIMAL CLASSIFICATION NUMBER | |
| Classification number | 692.80941 |
| Author Mark | COO |
| -- | L-14, P-163 |
| 100 ## - MAIN ENTRY--PERSONAL NAME | |
| Personal name | BRIAN COOK. |
| 9 (RLIN) | 45501 |
| 245 ## - TITLE STATEMENT | |
| Title | Contract planning case studies. |
| Remainder of title | COOK.BRIAN |
| 260 ## - PUBLICATION, DISTRIBUTION, ETC. | |
| Place of publication, distribution, etc. | london. |
| Name of publisher, distributor, etc. | Macmillan education. |
| 300 ## - PHYSICAL DESCRIPTION | |
| Extent | 206p. |
| Other physical details | ill. |
| 526 ## - STUDY PROGRAM INFORMATION NOTE | |
| Program name | 0 |
| Interest level | 0 |
| Reading level | 0 |
| Title point value | 692_809410000000000_COO |
| 650 ## - SUBJECT ADDED ENTRY--TOPICAL TERM | |
| Topical term or geographic name entry element | MCE |
| 9 (RLIN) | 379 |
| 942 ## - ADDED ENTRY ELEMENTS (KOHA) | |
| Source of classification or shelving scheme | |
| Koha item type | Book |
| Withdrawn status | Lost status | Source of classification or shelving scheme | Damaged status | Not for loan | Permanent Location | Current Location | Date acquired | Total Checkouts | Full call number | Barcode | Date last seen | Price effective from | Koha item type |
|---|---|---|---|---|---|---|---|---|---|---|---|---|---|
| Military College of Engineering (MCE) | Military College of Engineering (MCE) | 09/12/2014 | 692.80941 COO | MCE-24933 | 09/12/2014 | 09/12/2014 | Book |
